|
|
|
|
| LEADER |
00000nam a22000007a 4500 |
| 005 |
2015120306066.0 |
| 007 |
cr|||| ||u| |
| 008 |
151203s2010 mx ||||| |||| 00||0 spa d |
| 020 |
|
|
|a 978-607-16-0191-9
|
| 035 |
|
|
|a 12960
|
| 040 |
|
|
|a vLex
|
| 090 |
|
|
|c 5723
|d 5723
|
| 100 |
1 |
|
|a Guerrero, Omar
|
| 245 |
1 |
3 |
|a La administracin̤ pb︢lica a travš de las ciencias sociales
|h [Recurso electrn̤ico] /
|c Omar Guerrero
|
| 256 |
|
|
|a Servicio en ln̕ea
|
| 260 |
|
|
|a Mx̌ico
|b Fondo de Cultura Econm̤ica
|c 2010
|
| 300 |
|
|
|a 1 recurso electrn̤ico (387 Pg̀inas)
|
| 506 |
1 |
|
|a Contenido solo disponible en los productos indicados
|d vLex Global
|d vLex Global (Academic Edition, excluding Law Schools)
|d vLex Global (U.S. Academic Edition, Law Schools)
|d vLex Global (U.S. Academic Edition, excluding Law Schools)
|d vLex Global (Academic Edition, Law Schools)
|
| 650 |
0 |
4 |
|a Administracin̤ pb︢lica
|z Mx̌ico
|
| 740 |
0 |
|
|a vLex libros (servicio en ln̕ea)
|
| 856 |
4 |
0 |
|u http://vlex.com/source/administracion-publica-ciencias-sociales-12960
|z Acceso restringido
|
| 942 |
|
|
|c BOOK
|
| 999 |
0 |
|
|a Public administration
|